[Event "Frankfurt Ch 2005"]
[Site "Ffm-Kalbach, LAZ"]
[Date "2005.05.30"]
[Round "5"]
[White "Rotermund, Verena"]
[Black "Simon, Eric"]
[Result "1-0"]
[WhiteElo "1762"]
[BlackElo "1889"]
[PlyCount "47"]
[EventDate "2005.??.??"]

1. e4 d6 2. d4 Nf6 3. Nc3 g6 4. h3 Bg7 5. Be3 c6 6. f4 Qa5 7. Bd3 b5 8. a3 Na6
9. b4 Qd8 10. Qe2 Nc7 11. Nf3 a6 12. Qf2 Bb7 13. O-O O-O 14. f5 a5 15. bxa5
Rxa5 16. Qh4 Qa8 17. fxg6 fxg6 18. e5 dxe5 19. dxe5 Nfd5 20. Nxd5 Nxd5 21. Bxg6
hxg6 22. Ng5 Rf5 23. Qh7+ Kf8 24. Qxg6 1-0

[Event "Frankfurt Ch 2005"]
[Site "Ffm-Kalbach, LAZ"]
[Date "2005.05.30"]
[Round "5"]
[White "Larem, Peter"]
[Black "Hilbenz, Guntram"]
[Result "1/2-1/2"]
[WhiteElo "1724"]
[BlackElo "1877"]
[PlyCount "82"]
[EventDate "2005.??.??"]

1. e4 c5 2. Nf3 e6 3. d4 cxd4 4. Nxd4 a6 5. Nc3 Qc7 6. Bd3 Bc5 7. Nb3 Be7 8.
Be3 Nf6 9. O-O d6 10. Na4 Nbd7 11. c4 b6 12. Rc1 Bb7 13. f3 O-O 14. Nd4 Nc5 15.
Nxc5 dxc5 16. Ne2 e5 17. Nc3 Rfc8 18. Nd5 Nxd5 19. exd5 Bd6 20. Qe1 e4 21. fxe4
Bxh2+ 22. Kh1 Bg3 23. Bf2 Bxf2 24. Qxf2 Re8 25. Qf4 Re5 26. Rf3 Rh5+ 27. Kg1
Qxf4 28. Rxf4 a5 29. Rcf1 f6 30. Rf5 Rxf5 31. Rxf5 Re8 32. Kf2 Bc8 33. Rh5 Bg4
34. Rh4 Bd7 35. e5 Rxe5 36. Bxh7+ Kf7 37. Bd3 Ke7 38. Rh7 Rg5 39. Rh8 Kd6 40.
Ra8 Re5 41. Rg8 Rg5 1/2-1/2

[Event "Frankfurt Ch 2005"]
[Site "Ffm-Kalbach, LAZ"]
[Date "2005.05.30"]
[Round "5"]
[White "Krüger, Till"]
[Black "Norgiev, Jürgen"]
[Result "0-1"]
[WhiteElo "1877"]
[BlackElo "1686"]
[PlyCount "48"]
[EventDate "2005.??.??"]

1. e4 d5 2. exd5 Qxd5 3. Nc3 Qa5 4. d4 c6 5. Bc4 Nf6 6. Nge2 Bg4 7. f3 Bh5 8.
Nf4 Bg6 9. O-O Nbd7 10. d5 Qc5+ 11. Kh1 Qxc4 12. dxc6 Qxc6 13. Qe2 e6 14. Rd1
a6 15. h4 Nh5 16. Nxh5 Bxh5 17. Rd5 Nf6 18. Bg5 Nxd5 19. Nxd5 Qxd5 20. Rd1 Qc6
21. Qd2 f6 22. Be3 Be7 23. Qa5 Bxf3 24. Rd2 O-O 0-1

[Event "Frankfurt Ch 2005"]
[Site "Ffm-Kalbach, LAZ"]
[Date "2005.05.30"]
[Round "5"]
[White "Faqiry, Ramat"]
[Black "Busic, Nedjeljko"]
[Result "0-1"]
[WhiteElo "1717"]
[BlackElo "1857"]
[PlyCount "116"]
[EventDate "2005.??.??"]

1. d4 Nf6 2. c4 g6 3. Nf3 Bg7 4. g3 d6 5. Bg2 c6 6. O-O O-O 7. Nc3 Na6 8. e4
Bg4 9. h3 Bxf3 10. Bxf3 Qc8 11. Bg2 e5 12. d5 c5 13. f4 Nh5 14. Qf3 exf4 15.
gxf4 Nb4 16. Ne2 Qd8 17. a3 Nc2 18. Rb1 Qf6 19. b4 Nd4 20. Nxd4 Qxd4+ 21. Be3
Qxc4 22. bxc5 dxc5 23. Rfc1 Qd3 24. Bxc5 Bd4+ 25. Bxd4 Qxd4+ 26. Kh2 Rac8 27.
Rd1 Qf6 28. e5 Qxf4+ 29. Qxf4 Nxf4 30. Rxb7 Rc2 31. Rg1 a6 32. Kh1 Re8 33. d6
Kf8 34. Rf1 g5 35. Be4 Rc3 36. Bf5 Rxe5 37. d7 Rd5 38. Rb8+ Ke7 39. Re1+ Ne6
40. Re8+ Kxd7 41. Bxe6+ fxe6 42. R1xe6 Rd1+ 43. Kg2 Rd2+ 44. Re2 Rxe2+ 45. Rxe2
Rxa3 46. Rb2 h5 47. Rb7+ Ke6 48. Rh7 h4 49. Ra7 a5 50. Ra6+ Kf5 51. Ra8 a4 52.
Ra5+ Kf4 53. Ra8 Ra2+ 54. Kf1 Kg3 55. Rg8 Rf2+ 56. Kg1 Rf5 57. Ra8 Kxh3 58.
Rxa4 g4 0-1

[Event "Frankfurt Ch 2005"]
[Site "Ffm-Kalbach, LAZ"]
[Date "2005.05.30"]
[Round "5"]
[White "Trierweiler, Joachim"]
[Black "Rätsch, Kurt"]
[Result "0-1"]
[WhiteElo "1707"]
[BlackElo "1852"]
[PlyCount "88"]
[EventDate "2005.??.??"]

1. e4 c5 2. Nc3 Nc6 3. f4 e6 4. Bb5 Nd4 5. Nf3 a6 6. Bf1 d5 7. d3 Be7 8. g3 b5
9. Bg2 Bb7 10. exd5 Nxf3+ 11. Qxf3 b4 12. Ne2 Bxd5 13. Qf2 Nf6 14. h3 O-O 15.
O-O Rc8 16. b3 Bxg2 17. Kxg2 Nd5 18. Bb2 Bf6 19. Bxf6 Qxf6 20. g4 Qb2 21. Rfc1
Rfe8 22. Ng3 e5 23. f5 Nf4+ 24. Kf3 Nxh3 25. Qe3 f6 26. Ne4 Red8 27. g5 fxg5
28. Nxg5 Nxg5+ 29. Qxg5 Rf8 30. Rg1 Rc7 31. Rab1 Qxc2 32. Ke3 Rd7 33. Rbd1 Qc3
34. Rg4 Rfd8 35. Kf2 Rf8 36. Rc4 Qb2+ 37. Rd2 Rxf5+ 38. Qxf5 Qxd2+ 39. Kg1 Qe3+
40. Kg2 Qe2+ 41. Kg1 Rf7 42. Qc8+ Rf8 43. Qe6+ Kh8 44. Rf4 Qe3+ 0-1

[Event "Frankfurt Ch 2005"]
[Site "Ffm-Kalbach, LAZ"]
[Date "2005.05.30"]
[Round "5"]
[White "Bittner, Peter"]
[Black "Schirmer, Karl-Heinz"]
[Result "1-0"]
[WhiteElo "1700"]
[BlackElo "1846"]
[PlyCount "63"]
[EventDate "2005.??.??"]

1. e4 e6 2. Nc3 d5 3. exd5 exd5 4. d4 Be7 5. Nf3 Nf6 6. h3 Bf5 7. Bd3 Bxd3 8.
Qxd3 c6 9. Be3 Nbd7 10. O-O O-O 11. Rae1 Bd6 12. a3 Qc7 13. Qd2 b5 14. Nh4 a5
15. Nf5 b4 16. axb4 axb4 17. Ne2 Ne4 18. Qc1 g6 19. Nxd6 Nxd6 20. Bf4 Rfe8 21.
Bg3 Kg7 22. Nf4 Nf6 23. Nd3 Nfe4 24. Bh2 f6 25. f3 Ng5 26. Nc5 Kg8 27. Qf4 Ngf7
28. Qxf6 Rxe1 29. Rxe1 Qd8 30. Re7 Ra7 31. Be5 Kf8 32. Ne6+ 1-0

[Event "Frankfurt Ch 2005"]
[Site "Ffm-Kalbach, LAZ"]
[Date "2005.05.30"]
[Round "5"]
[White "Gutacker, Stephan"]
[Black "Bender, Manfred"]
[Result "1-0"]
[WhiteElo "1827"]
[BlackElo "1676"]
[PlyCount "53"]
[EventDate "2005.??.??"]

1. e4 c5 2. c3 Nc6 3. d4 d5 4. exd5 Qxd5 5. Nf3 Nf6 6. Be2 e6 7. O-O b6 8. Bb5
Bb7 9. c4 Qd6 10. Ne5 a6 11. Ba4 cxd4 12. Bf4 b5 13. cxb5 Nxe5 14. bxa6+ Bc6
15. Bxe5 Qd5 16. Bxc6+ Qxc6 17. Bxf6 gxf6 18. Qxd4 Rg8 19. g3 Rxa6 20. Nc3 Rg6
21. Rac1 Be7 22. Rfd1 Ra5 23. Nb5 Qb7 24. Nd6+ Bxd6 25. Qxd6 Rd5 26. Rxd5 exd5
27. Re1+ 1-0

[Event "Frankfurt Ch 2005"]
[Site "Ffm-Kalbach, LAZ"]
[Date "2005.05.30"]
[Round "5"]
[White "Ganjian, Mehrdad"]
[Black "Jordake, Michael"]
[Result "1-0"]
[WhiteElo "1808"]
[BlackElo "1593"]
[PlyCount "93"]
[EventDate "2005.??.??"]

1. c4 Nf6 2. Nf3 e6 3. d4 Bb4+ 4. Bd2 Bxd2+ 5. Nbxd2 b6 6. e4 d6 7. Be2 Bb7 8.
Qc2 Nc6 9. O-O O-O 10. a3 Ne7 11. Rfd1 Ng6 12. Rac1 Qe7 13. b4 Rac8 14. Bf1
Rfd8 15. Re1 c5 16. bxc5 dxc5 17. d5 Nd7 18. Qc3 e5 19. a4 Rb8 20. g3 Nf6 21.
Rb1 Bc8 22. Rb3 Bg4 23. Reb1 Rd6 24. Qe3 h6 25. Ne1 Qd7 26. a5 Bh3 27. Be2 Ng4
28. Bxg4 Qxg4 29. Nd3 Rc8 30. f3 Qd7 31. axb6 axb6 32. Rxb6 Rxb6 33. Rxb6 Qa4
34. Nf2 Bd7 35. Kg2 f5 36. Rxg6 f4 37. gxf4 exf4 38. Qxf4 Rf8 39. Qxh6 Qa1 40.
Qe3 Kh7 41. Rd6 Qa7 42. e5 Bf5 43. e6 Qe7 44. Rd7 Qe8 45. Qg5 Bg6 46. Nde4 Kg8
47. Nd6 1-0

[Event "Frankfurt Ch 2005"]
[Site "Ffm-Kalbach, LAZ"]
[Date "2005.05.30"]
[Round "5"]
[White "Hülsdunk, Heinz-Jürgen"]
[Black "Lux, Andreas"]
[Result "0-1"]
[WhiteElo "1691"]
[BlackElo "1801"]
[PlyCount "34"]
[EventDate "2005.??.??"]

1. e4 c5 2. c3 Nf6 3. e5 Nd5 4. Nf3 Nc6 5. Qb3 Nb6 6. d4 cxd4 7. cxd4 d5 8. Bg5
f6 9. exf6 exf6 10. Be3 Bd6 11. Nc3 Be6 12. Bd3 O-O 13. Qc2 h6 14. O-O f5 15.
a3 Rc8 16. Rae1 Qf6 17. Qd2 f4 0-1

[Event "Frankfurt Ch 2005"]
[Site "Ffm-Kalbach, LAZ"]
[Date "2005.05.30"]
[Round "5"]
[White "Höhler, Bernd"]
[Black "Adair, Robin"]
[Result "1/2-1/2"]
[WhiteElo "1654"]
[BlackElo "1790"]
[PlyCount "96"]
[EventDate "2005.??.??"]

1. e4 c5 2. Nf3 Nc6 3. d4 cxd4 4. Nxd4 Nf6 5. Nc3 e5 6. Ndb5 d6 7. Bg5 a6 8.
Na3 b5 9. Nd5 Be7 10. Bxf6 Bxf6 11. c3 O-O 12. Nc2 Bg5 13. a4 bxa4 14. Rxa4 a5
15. Bc4 Rb8 16. Ra2 Be6 17. Nce3 Bxe3 18. Nxe3 Qc7 19. Qe2 Rbc8 20. Nd5 Bxd5
21. Bxd5 Ne7 22. Qd3 Nxd5 23. Qxd5 Qc4 24. Rxa5 g6 25. Qxc4 Rxc4 26. f3 Rb8 27.
Ra2 Rxc3 28. Kd2 Rcb3 29. Kc2 f5 30. Rd1 fxe4 31. fxe4 Re3 32. Rxd6 Rxe4 33.
Rd2 Reb4 34. Kb1 R8b7 35. Ra8+ Kf7 36. Rf2+ Ke6 37. Re8+ Re7 38. Rxe7+ Kxe7 39.
Kc2 Ke6 40. Kc3 Rb7 41. Rf8 e4 42. b4 Ke5 43. Re8+ Kf4 44. Kc4 Ke3 45. Kc5 Kd3
46. b5 e3 47. Kc6 Ra7 48. b6 Rf7 1/2-1/2

[Event "Frankfurt Ch 2005"]
[Site "Ffm-Kalbach, LAZ"]
[Date "2005.05.30"]
[Round "5"]
[White "Fischer, Manfred"]
[Black "Petersen, Gerd"]
[Result "1-0"]
[WhiteElo "1779"]
[BlackElo "1537"]
[PlyCount "135"]
[EventDate "2005.??.??"]

1. e4 e5 2. Bc4 Nf6 3. d4 d6 4. dxe5 dxe5 5. Bxf7+ Ke7 6. Qxd8+ Kxd8 7. Nc3 Bc5
8. Bg5 Ke7 9. Bb3 h6 10. Nd5+ Kd6 11. Bxf6 gxf6 12. O-O-O Kc6 13. f3 Rf8 14.
Ne2 b5 15. Nec3 a5 16. Nxb5 Na6 17. Ba4 Kb7 18. Ndc3 Be6 19. Bb3 Bxb3 20. cxb3
Rfd8 21. Rxd8 Rxd8 22. Rd1 Be3+ 23. Kb1 Rg8 24. g4 Nc5 25. Nxc7 Bd4 26. N7d5
Rf8 27. Kc2 Kc6 28. Ne7+ Kd7 29. Nf5 Ne6 30. Nxd4 Nxd4+ 31. Kb1 Ke6 32. Rf1 Rg8
33. Nd5 h5 34. h3 hxg4 35. fxg4 Rg6 36. Ne3 Rh6 37. Rh1 Ne2 38. Nf5 Rh7 39. h4
Nd4 40. h5 Nf3 41. Rd1 Ng5 42. Rd6+ Kf7 43. Rd7+ Ke6 44. Rxh7 Nxh7 45. Kc2 Ng5
46. Ng3 Kd6 47. Kc3 Kc5 48. h6 Nh7 49. a3 Ng5 50. b4+ axb4+ 51. axb4+ Kb5 52.
Kb3 Nh7 53. Nh5 Kb6 54. Kc4 Kc6 55. b5+ Kd6 56. b3 Kc7 57. Kc5 f5 58. gxf5 Ng5
59. Nf6 Nf7 60. h7 Nh8 61. Ng4 Nf7 62. Nh6 Nh8 63. b6+ Kb7 64. b4 Kb8 65. Kc6
Ka8 66. Kc7 Nf7 67. b7+ Ka7 68. b8=Q+ 1-0

[Event "Frankfurt Ch 2005"]
[Site "Ffm-Kalbach, LAZ"]
[Date "2005.05.30"]
[Round "5"]
[White "Bonilla Guzman, Jerson A"]
[Black "Kolko, Robert"]
[Result "1/2-1/2"]
[WhiteElo "1067"]
[BlackElo "1767"]
[PlyCount "50"]
[EventDate "2005.??.??"]

1. d4 Nf6 2. c4 c5 3. e3 g6 4. Nf3 Bg7 5. Nc3 O-O 6. Bd3 b6 7. O-O Bb7 8. d5 d6
9. e4 Nbd7 10. Re1 Ne8 11. Be3 a6 12. Qd2 e6 13. Bh6 e5 14. Bxg7 Kxg7 15. Ng5
h6 16. Nh3 Bc8 17. f4 exf4 18. Qxf4 Ne5 19. Re3 Bxh3 20. Rxh3 Qg5 21. Qxg5 hxg5
22. b3 Ra7 23. Re1 Re7 24. Bc2 Rh8 25. Rg3 f6 1/2-1/2

[Event "Frankfurt Ch 2005"]
[Site "Ffm-Kalbach, LAZ"]
[Date "2005.05.30"]
[Round "5"]
[White "Ickert, Bernd"]
[Black "Bitzer, Andre"]
[Result "0-1"]
[WhiteElo "1755"]
[BlackElo "1624"]
[PlyCount "44"]
[EventDate "2005.??.??"]

1. e4 c6 2. d4 d5 3. Nc3 dxe4 4. Nxe4 Nf6 5. Nxf6+ gxf6 6. Bf4 Bf5 7. Bc4 e6 8.
Nf3 Bd6 9. Bxd6 Qxd6 10. c3 Nd7 11. Qe2 O-O-O 12. Nh4 Rde8 13. Qh5 Bg6 14. Qa5
Kb8 15. O-O Reg8 16. b4 Qf4 17. Nxg6 Rxg6 18. g3 h5 19. Be2 h4 20. g4 Rxg4+ 21.
Bxg4 Qxg4+ 22. Kh1 Qf3+ 0-1

[Event "Frankfurt Ch 2005"]
[Site "Ffm-Kalbach, LAZ"]
[Date "2005.05.30"]
[Round "5"]
[White "Radtke, Thoralf"]
[Black "Kasper, Werner"]
[Result "1/2-1/2"]
[WhiteElo "1584"]
[BlackElo "1716"]
[PlyCount "71"]
[EventDate "2005.??.??"]

1. f4 Nf6 2. Nf3 c5 3. e3 g6 4. b3 Bg7 5. Bb2 O-O 6. Be2 d6 7. O-O Nc6 8. c4 d5
9. cxd5 Nxd5 10. Bxg7 Kxg7 11. Na3 Ndb4 12. Qc1 b6 13. Nc4 Bb7 14. a3 Nd5 15.
Qc2 e6 16. Ng5 Qe7 17. h4 Rad8 18. Kf2 h6 19. Nf3 Qf6 20. g3 h5 21. Ng5 Kh8 22.
Bxh5 e5 23. Bf3 exf4 24. gxf4 Nde7 25. h5 Kg7 26. hxg6 fxg6 27. Rg1 Nf5 28. Rh1
Rh8 29. Ne4 Qf7 30. Qc3+ Ncd4 31. Ng5 Qe7 32. Bxb7 Qxb7 33. Ne6+ Kf6 34. exd4
Kxe6 35. Rae1+ Kd7 36. Ne5+ 1/2-1/2

[Event "Frankfurt Ch 2005"]
[Site "Ffm-Kalbach, LAZ"]
[Date "2005.05.30"]
[Round "5"]
[White "Mahnke, Ralf"]
[Black "Brücken, Siegfried"]
[Result "1-0"]
[WhiteElo "1702"]
[BlackElo "1576"]
[PlyCount "73"]
[EventDate "2005.??.??"]

1. d4 c5 2. d5 Nf6 3. c4 g6 4. Nc3 Bg7 5. e4 d6 6. Be2 O-O 7. Nf3 e6 8. O-O
exd5 9. cxd5 Re8 10. Nd2 a6 11. a4 h5 12. f3 Nh7 13. Nc4 Qh4 14. Qe1 Qe7 15.
Bf4 Rd8 16. Qg3 Bf8 17. h3 h4 18. Qe1 g5 19. Bh2 Bg7 20. Kh1 Nf6 21. Qd2 Ne8
22. Nb6 Ra7 23. Nxc8 Rxc8 24. f4 Bxc3 25. bxc3 Nf6 26. e5 dxe5 27. fxe5 Nh7 28.
Bc4 Rf8 29. Qe3 Nd7 30. d6 Qe8 31. Rae1 Kg7 32. Bd3 Qd8 33. Qe4 Rh8 34. Qf5 Qe8
35. e6 fxe6 36. Rxe6 Qh5 37. Re7+ 1-0

[Event "Frankfurt Ch 2005"]
[Site "Ffm-Kalbach, LAZ"]
[Date "2005.05.30"]
[Round "5"]
[White "Gottlieb, Herbert"]
[Black "Genis, Roy"]
[Result "1/2-1/2"]
[WhiteElo "1579"]
[BlackElo "1697"]
[PlyCount "93"]
[EventDate "2005.??.??"]

1. d4 d5 2. Nf3 Nf6 3. e3 e6 4. Bd3 c5 5. c3 Nc6 6. Nbd2 Bd6 7. O-O O-O 8. dxc5
Bxc5 9. e4 e5 10. exd5 Qxd5 11. Qc2 Bg4 12. Ng5 h6 13. Bc4 Qd7 14. Nge4 Bf5 15.
Nxf6+ gxf6 16. Ne4 Bxe4 17. Qxe4 f5 18. Qh4 f4 19. Qxh6 Qf5 20. b4 Be7 21. Ba3
Bg5 22. Qh5 Ne7 23. h4 Bf6 24. Qxf5 Nxf5 25. h5 e4 26. Bb2 Rac8 27. Bd5 e3 28.
fxe3 Nxe3 29. Bxb7 Rc7 30. Bf3 Nxf1 31. Kxf1 Bxc3 32. Bxc3 Rxc3 33. a4 Rc4 34.
b5 Rd8 35. a5 Rb4 36. Bc6 Rd6 37. a6 Kg7 38. Re1 Rb2 39. Re2 Rd1+ 40. Kf2 Rdb1
41. Rxb2 Rxb2+ 42. Kf3 Rb4 43. Kg4 Kh6 44. Be8 Kg7 45. Bc6 Kf6 46. Be8 Ke7 47.
Bc6 1/2-1/2

[Event "Frankfurt Ch 2005"]
[Site "Ffm-Kalbach, LAZ"]
[Date "2005.05.30"]
[Round "5"]
[White "Popp, Matthias"]
[Black "Stricker, Konstantin"]
[Result "0-1"]
[WhiteElo "1578"]
[BlackElo "1693"]
[PlyCount "76"]
[EventDate "2005.??.??"]

1. d4 Nf6 2. Nf3 e6 3. Bf4 d6 4. Nbd2 Be7 5. e3 a6 6. Bd3 b5 7. c4 bxc4 8. Bxc4
O-O 9. Rc1 Bb7 10. Qc2 Nbd7 11. O-O Rc8 12. Bd3 h6 13. e4 Nh5 14. Be3 c5 15.
Qb3 Rb8 16. Qd1 Nhf6 17. dxc5 Nxc5 18. Bxc5 dxc5 19. Qe2 Nh5 20. Ne5 Nf4 21.
Qe3 Nxd3 22. Nxd3 Rc8 23. Nxc5 Bxc5 24. Rxc5 Rxc5 25. Qxc5 Qxd2 26. Qb6 Bxe4
27. f3 Bd3 28. Qf2 Qxf2+ 29. Rxf2 Rc8 30. Rd2 Rc1+ 31. Kf2 Rc2 32. Ke3 Rxd2 33.
Kxd2 Bc4 34. b3 Bd5 35. Ke3 e5 36. g4 g5 37. h3 Kf8 38. Kf2 Ke7 0-1

[Event "Frankfurt Ch 2005"]
[Site "Ffm-Kalbach, LAZ"]
[Date "2005.05.30"]
[Round "5"]
[White "Scharmann, Hartmut"]
[Black "Gehlhar, Michael"]
[Result "1/2-1/2"]
[WhiteElo "1562"]
[BlackElo "1647"]
[PlyCount "32"]
[EventDate "2005.??.??"]

1. Nf3 f5 2. d3 Nf6 3. Nbd2 e6 4. e4 fxe4 5. dxe4 Be7 6. Bd3 d6 7. b3 Nc6 8.
Bb2 e5 9. O-O Bg4 10. a4 O-O 11. Bc4+ Kh8 12. h3 Bh5 13. Re1 Qd7 14. Be2 Be8
15. Bc4 Nh5 16. Bc1 Nf4 1/2-1/2

[Event "Frankfurt Ch 2005"]
[Site "Ffm-Kalbach, LAZ"]
[Date "2005.05.30"]
[Round "5"]
[White "Reuter, Klaus"]
[Black "Enderlin, Rolf"]
[Result "1-0"]
[WhiteElo "1443"]
[BlackElo "1636"]
[PlyCount "117"]
[EventDate "2005.??.??"]

1. d4 d5 2. c4 c6 3. g3 dxc4 4. Bg2 g6 5. Nf3 Nf6 6. Ne5 Be6 7. Na3 Bd5 8. f3
b5 9. O-O Nfd7 10. Ng4 h5 11. e4 Be6 12. d5 cxd5 13. exd5 Bf5 14. Nf2 a6 15. d6
Nc5 16. Qd4 Rh7 17. Qxc5 Qxd6 18. Qxd6 exd6 19. Re1+ Be6 20. Be3 Nd7 21. Ne4 f6
22. Bd4 Kf7 23. f4 Rd8 24. Nc2 d5 25. Nf2 Nb8 26. Re2 Nc6 27. Rd1 g5 28. fxg5
fxg5 29. Nh3 Bg4 30. Rf1+ Kg8 31. Rxf8+ Kxf8 32. Rf2+ Rf7 33. Bc5+ Kg8 34. Rd2
Bxh3 35. Bxh3 g4 36. Bg2 Rfd7 37. Bb6 Rc8 38. Bxd5+ Kf8 39. Bc5+ Kg7 40. Ne3
Ne7 41. Bd4+ Kf8 42. Be6 Rxd4 43. Rxd4 Rc5 44. Rd8+ Kg7 45. Rd6 a5 46. h3 gxh3
47. Bxh3 b4 48. Ra6 c3 49. bxc3 Rxc3 50. Kf2 Ra3 51. Be6 a4 52. Ra7 Kf6 53. Bc4
Nc8 54. Ra6+ Ke5 55. Ra5+ Ke4 56. Rxh5 Rxe3 57. Rh4+ Kf5 58. Kxe3 Nb6 59. Bg8
1-0

[Event "Frankfurt Ch 2005"]
[Site "Ffm-Kalbach, LAZ"]
[Date "2005.05.30"]
[Round "5"]
[White "Calvi, Stefan"]
[Black "Richter, Edgar"]
[Result "1-0"]
[WhiteElo "1979"]
[BlackElo "1262"]
[PlyCount "33"]
[EventDate "2005.??.??"]

1. e4 e6 2. d4 d5 3. Nc3 dxe4 4. Nxe4 Be7 5. Nf3 Nd7 6. Bd3 Ngf6 7. Nxf6+ Bxf6
8. Bf4 O-O 9. Qe2 Re8 10. O-O-O b6 11. Qe4 Rb8 12. Qxh7+ Kf8 13. Ne5 Nxe5 14.
dxe5 Bg5 15. Qh8+ Ke7 16. Bxg5+ f6 17. Qxg7# 1-0

[Event "Frankfurt Ch 2005"]
[Site "Ffm-Kalbach, LAZ"]
[Date "2005.05.30"]
[Round "5"]
[White "Kirschner, Matthias"]
[Black "Stein, Wolfgang"]
[Result "0-1"]
[WhiteElo "1524"]
[BlackElo "1676"]
[PlyCount "74"]
[EventDate "2005.??.??"]

1. g3 e5 2. Bg2 d5 3. d3 Nc6 4. a3 Be6 5. Nd2 Be7 6. b3 Qd7 7. c4 f6 8. cxd5
Bxd5 9. Ngf3 Nh6 10. Nc4 Nf7 11. O-O g5 12. e4 Be6 13. Ne3 h5 14. h4 O-O-O 15.
Ra2 Qxd3 16. Rd2 Qxb3 17. Nc2 g4 18. Nh2 Rxd2 19. Bxd2 Rd8 20. Qc1 Nd4 21. Nxd4
Rxd4 22. Be3 Rc4 23. Qd2 Qxa3 24. f4 Bc5 25. Bxc5 Qxc5+ 26. Kh1 Nd6 27. fxe5
Qxe5 28. Rd1 Ra4 29. Nf1 Ra2 30. Qh6 b6 31. Qg7 Rxg2 32. Rc1 Nc4 33. Kxg2 Qxe4+
34. Kh2 Qe2+ 35. Kg1 Bd5 36. Ne3 Qxe3+ 37. Kf1 Qxc1+ 0-1

[Event "Frankfurt Ch 2005"]
[Site "Ffm-Kalbach, LAZ"]
[Date "2005.05.30"]
[Round "5"]
[White "Didicher, Dietmar"]
[Black "Pomeranets, Igor"]
[Result "1-0"]
[WhiteElo "1650"]
[BlackElo "1459"]
[PlyCount "99"]
[EventDate "2005.??.??"]

1. b4 e6 2. b5 Nf6 3. Bb2 Be7 4. e3 O-O 5. Nf3 d5 6. Be2 c5 7. c4 Ne4 8. Qc2
Bf6 9. Nc3 Nxc3 10. Bxc3 Nd7 11. O-O Nb6 12. Bxf6 Qxf6 13. cxd5 exd5 14. Qxc5
Re8 15. a4 Be6 16. Nd4 Rac8 17. Qb4 Rc7 18. a5 Nc4 19. b6 axb6 20. axb6 Rcc8
21. d3 Ne5 22. Nb5 Nc6 23. Qd2 Rb8 24. Nc7 Red8 25. Ra4 Ne7 26. Bf3 Bd7 27. Rf4
Qxb6 28. Nxd5 Nxd5 29. Bxd5 Be6 30. Rb4 Qa6 31. Bxe6 Qxe6 32. Rfb1 Qc6 33. d4
Rd7 34. Qc1 Qxc1+ 35. Rxc1 Kf8 36. Kf1 Ke7 37. Ke2 Ke6 38. Rb6+ Ke7 39. Kd3 Rd6
40. Rc7+ Rd7 41. Rc5 g6 42. d5 f5 43. Kd4 Kd8 44. d6 Ra8 45. Ke5 Rc8 46. Rxc8+
Kxc8 47. Ke6 Rd8 48. Rb2 Rd7 49. Ra2 Rxd6+ 50. Kxd6 1-0

[Event "Frankfurt Ch 2005"]
[Site "Ffm-Kalbach, LAZ"]
[Date "2005.05.30"]
[Round "5"]
[White "Pelda, Jaromir"]
[Black "Adair, Monte"]
[Result "1-0"]
[WhiteElo "1645"]
[BlackElo "1424"]
[PlyCount "81"]
[EventDate "2005.??.??"]

1. e4 e5 2. Nf3 Nc6 3. Bb5 d6 4. d4 Bd7 5. Nc3 Nf6 6. Bg5 Be7 7. O-O exd4 8.
Nxd4 O-O 9. Bc4 Ne5 10. Bb3 c6 11. f4 Ng6 12. Qd3 c5 13. Nf3 Qb6 14. Kh1 Rac8
15. e5 Ne8 16. Nd5 Bb5 17. c4 Qd8 18. Nxe7+ Nxe7 19. cxb5 d5 20. Bxe7 Qxe7 21.
Qxd5 b6 22. Rad1 Nc7 23. Qc4 h6 24. Rd3 Ne6 25. Rfd1 Rc7 26. f5 Nd4 27. Nxd4
cxd4 28. Qxd4 Kh8 29. Qf4 Rfc8 30. f6 Qf8 31. Rh3 Kh7 32. fxg7 Qxg7 33. Qf5+
Kh8 34. Rg3 Qf8 35. Qf6+ Kh7 36. Bd5 Rc4 37. Bxc4 Rxc4 38. e6 Rc7 39. Qf5+ Kh8
40. Qe5+ Kh7 41. Qxc7 1-0

[Event "Frankfurt Ch 2005"]
[Site "Ffm-Kalbach, LAZ"]
[Date "2005.05.30"]
[Round "5"]
[White "Bauer, Timo"]
[Black "Krpan, Alojz"]
[Result "1-0"]
[WhiteElo "1638"]
[BlackElo "1417"]
[PlyCount "95"]
[EventDate "2005.??.??"]

1. d4 d5 2. Nf3 Bf5 3. c4 e6 4. Nc3 Nf6 5. Bg5 Be7 6. g3 Ne4 7. Bxe7 Qxe7 8.
Nh4 Nxc3 9. bxc3 Be4 10. f3 Bg6 11. Bg2 Qa3 12. Qd2 dxc4 13. Nxg6 hxg6 14. Rb1
Qa6 15. O-O Nd7 16. f4 c6 17. e4 Nf6 18. Bf3 b5 19. Rb4 Qb6 20. Rfb1 a6 21.
Rxc4 a5 22. a4 Qa6 23. axb5 cxb5 24. Rc5 Rb8 25. Qe2 a4 26. Rcxb5 Rxb5 27.
Qxb5+ Qxb5 28. Rxb5 O-O 29. c4 a3 30. Ra5 Rb8 31. Rxa3 Rb1+ 32. Kg2 Rb2+ 33.
Kh3 Rd2 34. Ra8+ Kh7 35. Rd8 Rf2 36. Bh1 Ng8 37. d5 Rd2 38. d6 f5 39. e5 Nh6
40. Bf3 Rf2 41. Rf8 Rxf3 42. d7 Rd3 43. d8=Q Rxd8 44. Rxd8 Ng4 45. c5 Ne3 46.
c6 Nc4 47. c7 Nb6 48. Rb8 1-0

[Event "Frankfurt Ch 2005"]
[Site "Ffm-Kalbach, LAZ"]
[Date "2005.05.30"]
[Round "5"]
[White "Vogelgesang, Marc"]
[Black "Mook, Karl-Jürgen"]
[Result "1-0"]
[WhiteElo "1626"]
[BlackElo "1302"]
[PlyCount "89"]
[EventDate "2005.??.??"]

1. e4 d5 2. exd5 Qxd5 3. Nc3 Qd6 4. d3 Nf6 5. Nf3 c6 6. Be2 Bg4 7. h3 Bh5 8.
O-O Nbd7 9. Bg5 e6 10. a3 Be7 11. Bh4 O-O 12. Bg3 Qc5 13. Re1 Qb6 14. Qd2 Qd8
15. Nh2 Re8 16. Bxh5 Nxh5 17. Nf1 Nb6 18. Bh2 Nf6 19. Re2 Nfd5 20. Nxd5 cxd5
21. Qf4 Bf6 22. Rb1 Na4 23. Qxa4 Qb6 24. Qb4 Qc6 25. Qd2 Be7 26. Ne3 Qb6 27. b4
a5 28. c4 d4 29. Nc2 axb4 30. axb4 Ra2 31. b5 Rea8 32. Ree1 R8a3 33. Ra1 Qa7
34. Rxa2 Rxa2 35. Qd1 Bc5 36. Qb1 Qa4 37. Rc1 Qa5 38. Be5 Ra4 39. Bxd4 Ba3 40.
Nxa3 Rxa3 41. Qc2 Ra2 42. Qc3 Qxc3 43. Bxc3 Ra3 44. d4 Kf8 45. Bb4+ 1-0

[Event "Frankfurt Ch 2005"]
[Site "Ffm-Kalbach, LAZ"]
[Date "2005.05.30"]
[Round "5"]
[White "Müller, Pascal"]
[Black "Ludwig, Helmut"]
[Result "1-0"]
[WhiteElo "1617"]
[BlackElo "1411"]
[PlyCount "73"]
[EventDate "2005.??.??"]

1. d4 Nf6 2. Nc3 e6 3. e4 d5 4. e5 Nfd7 5. Nce2 c5 6. c3 Nc6 7. Nf3 f6 8. Nf4
Nb6 9. exf6 Qxf6 10. Bd3 c4 11. Bc2 Bd6 12. Nh5 Qe7 13. Bg5 Qf7 14. Nh4 O-O 15.
f4 e5 16. dxe5 Nxe5 17. O-O Bg4 18. fxe5 Bxd1 19. Rxf7 Rxf7 20. Rxd1 Bxe5 21.
a4 a5 22. Be3 Bc7 23. Bd4 Rd8 24. Nf5 Nxa4 25. Nhxg7 Rxg7 26. Nxg7 Bb6 27. Bxa4
Bxd4+ 28. Rxd4 Kxg7 29. Bb5 Kf6 30. Bxc4 Ke5 31. Bd3 h6 32. Rh4 Rd6 33. Rh5+
Kf4 34. Kf2 Kg4 35. Rf5 d4 36. h3+ Kh4 37. Kf3 1-0

[Event "Frankfurt Ch 2005"]
[Site "Ffm-Kalbach, LAZ"]
[Date "2005.05.30"]
[Round "5"]
[White "Pröstler, Rene"]
[Black "Plötz, Hans-Jürgen"]
[Result "1-0"]
[WhiteElo "1615"]
[BlackElo "1266"]
[PlyCount "29"]
[EventDate "2005.??.??"]

1. e4 d6 2. d4 Nf6 3. Nc3 g6 4. Bf4 Bg7 5. Qd2 Nbd7 6. Nf3 a6 7. Bh6 O-O 8.
O-O-O b5 9. h3 c5 10. e5 Ne8 11. Bxg7 Kxg7 12. Ng5 cxd4 13. Qxd4 Nxe5 14. Qxe5+
f6 15. Ne6+ 1-0

[Event "Frankfurt Ch 2005"]
[Site "Ffm-Kalbach, LAZ"]
[Date "2005.05.30"]
[Round "5"]
[White "Scheerer, Michael"]
[Black "Junker, Christian"]
[Result "1-0"]
[WhiteElo "1383"]
[BlackElo "1555"]
[PlyCount "94"]
[EventDate "2005.??.??"]

1. e4 c5 2. Nf3 d6 3. d4 cxd4 4. Nxd4 Nf6 5. Nc3 g6 6. Be2 Bg7 7. Be3 O-O 8.
O-O Nc6 9. Nxc6 bxc6 10. f4 Qc7 11. Qd2 Rb8 12. Rab1 Qa5 13. Bf3 Nd7 14. Bd4
Bh6 15. Rfd1 c5 16. Be3 Nb6 17. Nd5 Qxd2 18. Nxe7+ Kh8 19. Bxd2 Nc4 20. Bc3+
Bg7 21. Bxg7+ Kxg7 22. b3 Na3 23. Rbc1 Nb5 24. Nxc8 Rfxc8 25. c3 Rd8 26. Rd2
Kf6 27. Be2 Nc7 28. Rcd1 Ke7 29. Bc4 Ne6 30. Bxe6 fxe6 31. g4 Rd7 32. Kf2 Rf8
33. Kg3 h6 34. c4 g5 35. fxg5 hxg5 36. e5 Rfd8 37. Rxd6 Rxd6 38. Rxd6 Rxd6 39.
exd6+ Kxd6 40. Kf3 Ke5 41. Ke3 a6 42. a3 a5 43. h3 Kd6 44. Ke4 a4 45. bxa4 Kc6
46. Ke5 Kb6 47. Kxe6 Ka5 1-0